书目信息 |
| 题名: |
运动保健学
|
|
| 作者: | 体育运动学校《运动保健学》教材编写组编 | |
| 分册: | ||
| 出版信息: | 北京 人民体育出版社 1984 |
|
| 页数: | 235页 | |
| 开本: | 19cm | |
| 丛书名: | ||
| 单 册: | ||
| 中图分类: | G804.3 | |
| 科图分类: | ||
| 主题词: | 体育保健学 | |
| 电子资源: | ||
| ISBN: | ||
| 000 | 00604nam0 2200229 45 | |
| 001 | 0184003005 | |
| 005 | 20040706113804.0 | |
| 010 | @dCNY0.73 | |
| 091 | @a70105.2166 | |
| 100 | @a19950705d1984 em y0chiy0121 ea | |
| 101 | 0 | @achi |
| 102 | @aCN@b110000 | |
| 105 | @ay z 000yy | |
| 106 | @ar | |
| 200 | 10 | @a运动保健学@Ayun dong bao jian xue@f体育运动学校《运动保健学》教材编写组编 |
| 210 | @a北京@c人民体育出版社@d1984 | |
| 215 | @a235页@d19cm | |
| 606 | @a体育保健学 | |
| 690 | @aG804.3@v3 | |
| 801 | 0 | @aCN@b上海图书馆@c20040430 |
| 801 | 2 | @aCN@bNLC@c20040430 |
| 905 | @dG804.3@e29@f1@b142921 | |
| 运动保健学/体育运动学校《运动保健学》教材编写组编.-北京:人民体育出版社,1984 |
| 235页;19cm |
| ISBN :CNY0.73 |
| ● |
| 相关链接 |
|
|
|
|
正题名:运动保健学
索取号:G804.3/29
 
预约/预借
| 序号 | 登录号 | 条形码 | 馆藏地/架位号 | 状态 | 备注 |
| 1 | 0108360 | 000997210 | 密集书库/ [索取号:G804.3/29] | 在馆 | |
| 2 | 0108361 | 000997283 | 密集书库/ [索取号:G804.3/29] | 在馆 | |
| 3 | 0108362 | 000997274 | 密集书库/ [索取号:G804.3/29] | 在馆 | |
| 4 | 0108364 | 000997247 | 第一样本阅览室/ [索取号:G804.3/29] | 在馆 | |
| 5 | 0142915 | 000998996 | 密集书库/ [索取号:G804.3/29] | 在馆 | |
| 6 | 0142916 | 000998914 | 密集书库/ [索取号:G804.3/29] | 在馆 | |
| 7 | 0142917 | 000998978 | 密集书库/ [索取号:G804.3/29] | 在馆 | |
| 8 | 0142918 | 000998987 | 密集书库/ [索取号:G804.3/29] | 在馆 | |
| 9 | 0142919 | 000997229 | 密集书库/ [索取号:G804.3/29] | 在馆 | |
| 10 | 0142920 | 000998923 | 密集书库/ [索取号:G804.3/29] | 在馆 | |
| 11 | 0142921 | 001930405 | 密集书库/ [索取号:G804.3/29] | 在馆 | |
| 12 | 0142922 | 000997256 | 密集书库/ [索取号:G804.3/29] | 在馆 | |
| 13 | 0142923 | 000997238 | 密集书库/ [索取号:G804.3/29] | 在馆 | |
| 14 | 0142924 | 000999049 | 密集书库/ [索取号:G804.3/29] | 在馆 |